| 000 | 01022nac a22002291i 4500 | ||
|---|---|---|---|
| 003 | EG-ScBUE | ||
| 005 | 20260428111659.0 | ||
| 008 | 101215s1981 ru a fr 000 0 ara d | ||
| 040 |
_aEG-ScBUE _bara _erda _cEG-ScBUE _dEG-ScBUE |
||
| 082 | 0 | 4 |
_a574.192 _bف ي ل _222 |
| 100 | 1 |
_aفيليبوفيتش، يو، _921523 _eمؤلف. |
|
| 245 | 1 | 0 |
_aأسس الكيمياء الحيوية. _nالجزء الثاني، _pالكيمياء الحيوية الديناميكية / _cيو. فيليبوفيتش ؛ ترجمة الدكتور حسن معوض عبد العال. |
| 264 | 1 |
_aموسكو : _bدار مير للطباعة والنشر، _c1981. |
|
| 300 |
_a297 صفحة : _bإيضاحيات ؛ _c24 سم |
||
| 336 |
_2rdacontent _aنص _btxt |
||
| 337 |
_aبدون وسيط _2rdamedia _bn |
||
| 338 |
_aمجلد _bnc _2rdacarrier |
||
| 650 | 7 |
_aالكيمياء الحيوية. _921529 _2BUEsh |
|
| 655 | _vReading book | ||
| 700 | 1 |
_aعبد العال، حسن معوض، _921530 _eمترجم. |
|
| 942 |
_cBB _k574.192 ف ي ل _2ddc |
||
| 999 |
_c6746 _d6746 |
||